-
RAJPUT, HAKIM SINGH & SINGH, LALIT KUMAR AND RAJPUT, SHOBHA AND KUMAR, ANUJ
Entry Personal Name
Number of records used in: 1
001 - CONTROL NUMBER
003 - CONTROL NUMBER IDENTIFIER
005 - DATE AND TIME OF LATEST TRANSACTION
- control field:
20251124071450.0
008 - FIXED-LENGTH DATA ELEMENTS
- fixed length control field:
251124|| aca||aabn | a|a d
040 ## - CATALOGING SOURCE
- Original cataloging agency:
JRU
- Transcribing agency:
JRU
100 ## - HEADING--PERSONAL NAME
- Personal name:
RAJPUT, HAKIM SINGH & SINGH, LALIT KUMAR AND RAJPUT, SHOBHA AND KUMAR, ANUJ
670 ## - SOURCE DATA FOUND
- Source citation:
Work cat.: (JRU)8955: RAJPUT, HAKIM SINGH & SINGH, LALIT KUMAR AND RAJPUT, SHOBHA AND KUMAR, ANUJ, INDUSTRIAL PHARMACY-II FOR B PHARMA 4TH AND 7TH SEMESTER, 20258